000 00216 a2200097 4500
001 48293
100 _aThill erich
245 _aThe soviet far east
260 _aLondon
_bMethuen and Co ltd
_c
090 _c31245
_d31245
942 _aNUST-CAE
_c
_c23609
999 _c283366
_d283366